000 00985nam a2200301Ia 4500
001 4714
005 20260225151835.0
008 160601s2004 sp g 000 0 spa
020 _a8426133975
020 _a9788426133977
040 _aCO-BoRNBP
_bspa
_erda
_cCO-BoRNBP
084 _aN TOL1
100 1 _aTolstoi, León
_d1828-1910
_91282
245 1 0 _aAna Karenina
_cLeón Tolstoi ; traducción José Fernández Z.
250 _a1a. edición
264 _aBarcelona
_bJuventud
_c2004
300 _a868 páginas
_c18 cm
336 _atexto
_btxt
_2rdacontent
337 _asin mediación
_bn
_2rdamedia
338 _avolumen
_bnc
_2rdacarrier
490 _aColección libros de bolsillo
650 1 4 _2LEMB
_aNovela rusa
_ySiglo XIX
_960208
650 1 4 _2LEMB
_aLiteratura rusa
_ySiglo XIX
_960209
650 1 4 _2LEMB
_aMujeres en la literatura
_91058
650 1 4 _2LEMB
_aAmor en la literatura
_969
700 1 _aFernández Z., José
_etraductor
_961829
942 _2loc
_cBKLIT
999 _c4714
_d4714